|
|
|
|
| LEADER |
00619cam a2200193 a 4500 |
| 001 |
0000042573 |
| 005 |
20060510090000.0 |
| 040 |
|
|
|a mod
|
| 041 |
|
|
|a eng
|
| 020 |
0 |
0 |
|a 0448143747
|
| 090 |
0 |
0 |
|a 923.273
|b MEM
|e 1978
|
| 245 |
0 |
4 |
|a The memoirs of Richard Nixon
|
| 260 |
0 |
0 |
|a New York
|b Brosset & Dunlop
|c 1978
|
| 300 |
0 |
0 |
|a xiii, 1120 p.
|b ill.
|c 24 cm
|
| 600 |
0 |
0 |
|a Nixon
|h Richard M. (Richard Milhous)
|y 1913-
|
| 650 |
0 |
0 |
|a Presidents, United States
|x Biography
|
| 651 |
0 |
0 |
|a United States
|x Politics and government
|y 1945-1989
|
| 852 |
0 |
0 |
|a 01
|
| 999 |
|
|
|a 0029587
|b KEMENTAH
|d BOOKS
|e Pusat Sumber Kepimpinan
|f Perpustakaan KEMENTAH
|j AVAILABLE
|q OLD
|